| 000 | 00521 a2200193 4500 | ||
|---|---|---|---|
| 999 |
_c32151 _d32151 |
||
| 003 | OSt | ||
| 005 | 20260217123250.0 | ||
| 008 | 260217b ||||| |||| 00| 0 eng d | ||
| 020 | _a9789333218764 | ||
| 040 | _c. | ||
| 082 |
_a621.381 _bG589 |
||
| 100 |
_96580 _aGodse, Atul P. |
||
| 245 |
_aDigital electronics / _cA. P. Godse and D. A. Godse |
||
| 260 |
_bTechnical Publication, _aPune : _c2025. |
||
| 300 | _a10-32+S36 p. | ||
| 650 | 0 |
_91851 _aDigital Electronics |
|
| 700 |
_96619 _aGodse, D. A. |
||
| 942 |
_2ddc _cBK |
||